LEADER 01172cas 2200397 450 001 990000336130203316 005 20220811122708.0 011 $a0025-5564 035 $a0033613 035 $aUSA010033613 035 $a(ALEPH)000033613USA01 035 $a0033613 100 $a20010207d--------km-y0ENGy0103----ba 101 $aeng 102 $aUS 110 $aayyzz--|||| 200 1 $aMathematical biosciences$ean international journal 210 $aNew Tork$cElsevier 215 $avolumi$cill.$d23 cm 300 $aComincia nel 1967 300 $aDescrizione basata su: Vol.98, 1(1990) 326 $aPeriodicità varia 606 $aMicrobiologia$xPeriodici$2BNCF 676 $a576.05 801 0$aIT$bsalbc$gISBD 912 $a990000336130203316 958 $aSCI$bPER II$c1984-1996;$l1996; 959 $aSE 979 $aPATTY$b90$c20010207$lUSA01$h1022 979 $c20020403$lUSA01$h1641 979 $aPATRY$b90$c20040406$lUSA01$h1623 979 $aMANCUSO$b90$c20110117$lUSA01$h0945 979 $aMANCUSO$b90$c20110117$lUSA01$h0947 979 $aMANCUSO$b90$c20110127$lUSA01$h1151 996 $aMathematical biosciences$9791711 997 $aUNISA LEADER 01807nam 2200553 450 001 9910136503003321 005 20230808195345.0 010 $a93-5128-982-6 035 $a(CKB)3710000000857762 035 $a(MiAaPQ)EBC4674360 035 $a(MiAaPQ)EBC6960178 035 $a(Au-PeEL)EBL6960178 035 $a(EXLCZ)993710000000857762 100 $a20151124d2016 uy| 0 101 0 $aeng 135 $aurcnu|||||||| 181 $2rdacontent 182 $2rdamedia 183 $2rdacarrier 200 00$aCombating violence against women $ea reality in the making /$fSmita Nayak 210 1$aDelhi :$cKalpaz,$d2016. 215 $a1 online resource (118 pages) $cillustrations (black and white) 311 $a93-5128-192-2 320 $aIncludes bibliographical references. 606 $aFamily violence$zIndia$zManipur 606 $aFamily violence$zIndia$zOdisha 606 $aWomen$xViolence against$zIndia$zManipur 606 $aWomen$xViolence against$zIndia$zOdisha 606 $aWomen$xLegal status, laws, etc$zIndia$zManipur 606 $aWomen$xLegal status, laws, etc$zIndia$zOdisha 606 $aWomen$xPolitical activity$zIndia$zManipur 606 $aWomen$xPolitical activity$zIndia$zOdisha 615 0$aFamily violence 615 0$aFamily violence 615 0$aWomen$xViolence against 615 0$aWomen$xViolence against 615 0$aWomen$xLegal status, laws, etc. 615 0$aWomen$xLegal status, laws, etc. 615 0$aWomen$xPolitical activity 615 0$aWomen$xPolitical activity 676 $a362.82920954 702 $aNayak$b Smita 801 0$bMiAaPQ 801 1$bMiAaPQ 801 2$bMiAaPQ 906 $aBOOK 912 $a9910136503003321 996 $aCombating violence against women$92833323 997 $aUNINA